Statistiques concernant Chanteurs et groupes par lettre - S

Cliquez ici pour prendre le quiz!

Statistiques générales

  • Ce quiz a été pris 384 fois
  • Le résultat moyen est 12 sur 20

Statistiques - réponses

Période d'activitéPaysChansonsGroupe ou artiste% Correct
2000 -Flag of Belgium (civil)Alors on danse | PapaoutaiStromae
99%
1993 - Chandelier | Cheap ThrillsSia
90%
1995 -Hips Don't Lie | Whenever, WhereverShakira
87%
2002 - 2013
2020 -
Ma direction | Wati by nightSexion d’Assaut
80%
1994 -En feu | CosmoSoprano
79%
2009 -Paname | Avant toiSlimane
71%
1996 - 2000
2018 -
Wannabe | 2 Become 1Spice Girls
71%
2005 -Et alors | Je saisShy'm
64%
1997 -Temperature | No LieSean Paul
60%
2014 -Stay With Me | Too Good at GoodbyesSam Smith
56%
2015 -Señorita | Treat You BetterShawn Mendes
55%
2007 -Il avait les mots | Ce qu'ils aimentSheryfa Luna
52%
1957 - 1991Je suis venu pour te dire que je m'en vais | La javanaiseSerge Gainsbourg
48%
2001 -Love You Like A Love Song | Come & Get ItSelena Gómez
45%
2002 -My Name Is Stain | I'm PickyShaka Ponk
43%
1993 -Young, Wild & Free | Drop It Like Its HotSnoop Dogg
37%
1964 - 1970Mrs. Robinson | The Sound of SilenceSimon & Garfunkel
36%
1993 - It Wasn't Me | BoombasticShaggy
31%
1977 - 1978Anarchy in the U.K. | God Save the QueenSex Pistols
25%
1962 -Superstition | My Cherie AmourStevie Wonder
24%

Distribution des résultats

Percentile par nombre de réponses

% des personnes avec chaque résultat

Votre développement - résultats

Vous n’avez pas pris ce quiz